Statystyki dla Lista krajów największych producentów jabłek w 2017 roku

Kliknij tutaj aby rozwiązać quiz!

Ogólne statystyki

  • Ten quiz został rozwiązany 26 razy
  • Średni wynik to 13 z 20

Statystyki odpowiedzi

#Produkcja jabłek (w tonach)Kraj% Poprawnych
42 441 393Polska
100%
25 173 670Stany zjednoczone
96%
141 390 000Chiny
92%
101 639 421Rosja
92%
121 076 180Ukraina
92%
71 921 272Włochy
92%
91 710 755Francja
88%
111 300 943Brazylia
79%
52 265 000Indie
79%
20714 149Meksyk
79%
14994 710Argentyna
71%
19735 200Japonia
67%
62 096 749Iran
58%
33 032 164Turcja
58%
81 766 210Chile
54%
17798 574Egipt
46%
15924 375Republika Południowej Afryki
46%
16820 547Maroko
38%
131 028 796Uzbekistan
8%
18782 143Korea Północna
0%

Rozkład punktacji

Percentyl według liczby udzielonych odpowiedzi

Procent ludzi z każdym wynikiem

Twoja historia wyników

Nie rozwiązałeś tego quizu